Phantom Forces Secondaries - Statistics

General Stats
  • This quiz has been taken 37 times
    24 since last reset
  • The average score is 56 of 79
Answer Stats
Type Weapon % Correct
Revolver 1858 NEW ARMY
86%
MP 93R
86%
Pistol AF2011-A1
86%
Pistol ALIEN
86%
MP ARM PISTOL
86%
Other COILGUN
86%
Pistol DESERT EAGLE L5
86%
Pistol DESERT EAGLE XIX
86%
Revolver EXECUTIONER
86%
Pistol G17
86%
MP G18C
86%
Pistol G21
86%
Pistol G23
86%
Pistol G40
86%
Pistol G50
86%
Pistol GB-22
86%
Pistol GRIZZLY
86%
Pistol HARDBALLER
86%
Pistol IZHEVSK PB
86%
Revolver JUDGE
86%
Pistol M1911A1
86%
Pistol M2011
86%
Pistol M9
86%
Revolver MATEBA 6
86%
MP MICRO UZI
86%
MP MP1911
86%
Revolver MP412 REX
86%
Other OBREZ
86%
Revolver REDHAWK 44
86%
Conv. REDHAWK 45
86%
Other SAIGA-12U
86%
Other THUNDER
86%
Pistol ZIP 22
86%
MP ASMI
71%
Pistol FIVE SEVEN
71%
Conv. G20
71%
Conv. GB-10
71%
Conv. GB-12
71%
Conv. GB-50
71%
Pistol GSP
71%
Pistol M17
71%
Conv. M1911 DART
71%
Pistol M45A1
71%
Other M79 THUMPER
71%
Pistol MAKAROV PM
71%
Conv. SAIGA-223U
71%
Conv. SAIGA-308U
71%
Conv. SAIGA-50U
71%
Conv. SAIGA-762U
71%
Other SASS 308
71%
Other SAWED OFF
71%
Other SFG 50
71%
MP SKORPION VZ.61
71%
Other SUPER SHORTY
71%
MP TEC-9
71%
Conv. AF2011-A1 DARTS
57%
Pistol AUTOMAG III
57%
Conv. G17L
57%
Conv. G18L
57%
Conv. G21L
57%
Conv. G23L
57%
Conv. G50L
57%
Pistol GI M1
57%
Pistol GYROJET MARK I
57%
Conv. GYROJET MARK II
57%
Pistol KG-99
57%
Conv. M1911 .22LR
57%
Conv. M45A1 DART
57%
MP PP-2000
57%
Conv. SAIGA-9U
57%
Conv. 1858 NAVY
43%
Conv. AUTOMAG IV
43%
Conv. AUTOMAG V
43%
Conv. FROLOBREZ
43%
Conv. SASS 358
43%
Conv. SKORPION VZ.82
43%
Conv. GSP-C
29%
Conv. SAIGA-953U
29%
Conv. SKORPION VZ.61 E
29%
No matching quizzes found
Score Distribution
Percent of People with Each Score
Percentile by Number Answered
Your Score History
You have not taken this quiz since the last reset